00530nam a2200169Ia 4500020001800000082002000018100001800038245005600056260002500112300000900137500009100146504000800237650003600245650003500281700002100316700002300337 a0 245 50972 0 aRR 443.21 MAN-; aMansion, J.E. 0aHarrap's new standard French and English dictionary aLondonbHarrapc1972 av.p. aContents: Vol.1.A-I pt.1.French-English - v.2.J-Z pt. 1. French-English(0 245 50973 9) aref aEnglish language - Dictionaries aFrench language - Dictionaries aLedesert, R.P.L. aLedesert, Margaret